| 000 | 00454cam a2200193ua 4500 | ||
|---|---|---|---|
| 020 | _c20.00 | ||
| 041 |
_aeng _h |
||
| 082 |
_a519.062 _bBLA/EN |
||
| 100 | _aBlakey, J . | ||
| 245 |
_aEngineering mathematics / _cJ Blakey. _hTextual Documents |
||
| 250 |
_a1 / _b. |
||
| 260 |
_aLondon : _bBlackie & Son Ltd , _c1961. |
||
| 300 | _a ; . | ||
| 365 | _a20.00 | ||
| 504 | _a | ||
| 700 | 1 | _aHutton, M . | |
| 942 | _cBK | ||
| 999 |
_c10036 _d10036 |
||